000 00567nam a2200205Ia 4500
003 GCL
008 140319s9999 xx 000 0 eng d
040 _aGCL /
_cGCL
082 0 4 _a616.890072
_bB R
100 1 _aBARKER, CHRIS
245 1 0 _aRESEARCH METHODS IN CLINCAL AND COUNSELLING PSYCHOLOGY /
_cBARKER, CHRIS
700 1 _aPISTRANG, NANCY
700 1 _aELLIOTT, ROBERT
260 _a[S.N] :
_bJOHN WILEY AND SONS. INC ،
_c1994
300 _a282 P
650 0 4 _aCOUNSELING
650 0 4 _aPSYCHOTHERAPY
650 0 4 _aPSYCHOLOGY CLINICAL
942 _2ddc
_cBK
999 _c23571
_d23571